"Blood relatives" or uneasy neighbors ? Kinh migrant and ethnic minority interactions in the Trường Sơn mountains /
Đã lưu trong:
| Tác giả chính: | |
|---|---|
| Định dạng: | Bài viết |
| Ngôn ngữ: | English |
| Những chủ đề: | |
| Các nhãn: |
Thêm thẻ
Không có thẻ, Là người đầu tiên thẻ bản ghi này!
|
| Thư viện lưu trữ: | Thư viện Trường Đại học Đà Lạt |
|---|
| LEADER | 00855nam a2200277 4500 | ||
|---|---|---|---|
| 001 | DLU090067295 | ||
| 005 | ##20090413 | ||
| 040 | # | # | |a DLU |b eng |
| 041 | # | # | |a eng |
| 044 | # | # | |a US |
| 100 | # | # | |a McElwee, Pamela. |
| 245 | # | # | |a "Blood relatives" or uneasy neighbors ? Kinh migrant and ethnic minority interactions in the Trường Sơn mountains / |c Pamela McElwee. |
| 653 | # | # | |a Ethnic minority |
| 653 | # | # | |a Migration |
| 653 | # | # | |a Rural development |
| 653 | # | # | |a Trường Sơn |
| 773 | # | # | |t Journal of Vietnamese Studies |g Vol. 57, no. 3 (Fall 2008), p. 81-116 |
| 920 | # | # | |a Phòng Tạp chí -- Trung tâm Thông tin - Thư viện Trường Đại học Đà Lạt |
| 994 | # | # | |a DLU |
| 900 | # | # | |a True |
| 911 | # | # | |a Trương Bảo Trâm Anh |
| 925 | # | # | |a G |
| 926 | # | # | |a A |
| 927 | # | # | |a BB |
| 980 | # | # | |a Thư viện Trường Đại học Đà Lạt |